| 000 | 00367nam a22001457a 4500 | ||
|---|---|---|---|
| 003 | OSt | ||
| 008 | 250328b |||||||| |||| 00| 0 eng d | ||
| 020 | _a9781439846445 | ||
| 082 |
_a624.1536 _bISH/SO |
||
| 100 |
_aIshibashi Isao _aHemanta Hazarika _97367 |
||
| 245 | _aSoil Mechanics Fundamentals | ||
| 260 |
_aNew York _bCRC Press _c2011 |
||
| 300 | _a324 | ||
| 942 | _cBK | ||
| 999 |
_c14236 _d14236 |
||